Central Library OPAC University of Rajshahi

Theories of economic growth and development / (Record no. 33130)

MARC details
000 -LEADER
fixed length control field 00750nam a2200229 a 4500
001 - CONTROL NUMBER
control field 33130
003 - CONTROL NUMBER IDENTIFIER
rucl marc code BD-RjUL
005 - DATE AND TIME OF LATEST TRANSACTION
control field 20211209051942.0
008 - FIXED-LENGTH DATA ELEMENTS--GENERAL INFORMATION
fixed length control field 140430t19621961caua b 001 0 eng d
035 ## - SYSTEM CONTROL NUMBER
System control number (BD-RjUL)33221
040 ## - CATALOGING SOURCE
Original cataloging agency DJB
Transcribing agency DJB
Language of cataloging eng
Modifying agency BD-RjUL
041 ## - LANGUAGE CODE
Language code of text/sound track or separate title eng
082 00 - DEWEY DECIMAL CLASSIFICATION NUMBER
Classification number 338.9
Author mark and year ADT 1962
100 1# - MAIN ENTRY--PERSONAL NAME
Personal name Adelman, Irma.
9 (RLIN) 100637
245 10 - TITLE STATEMENT
Title Theories of economic growth and development /
Statement of responsibility, etc. Irma Adelman.
260 ## - PUBLICATION, DISTRIBUTION, ETC. (IMPRINT)
Place of publication, distribution, etc. Stanford, Calif ;
-- London :
Name of publisher, distributor, etc. Stanford University Press ;
Place of publication, distribution, etc. Oxford University Press,
Date of publication, distribution, etc. 1962, c1961.
300 ## - PHYSICAL DESCRIPTION
Pagination viii, 164 p. :
Illustrations ill. ;
Size 23 cm.
504 ## - BIBLIOGRAPHY, ETC. NOTE
Bibliography, etc Includes bibliographical references and index.
650 #0 - SUBJECT ADDED ENTRY--TOPICAL TERM
Topical term or geographic name as entry element Economic development.
9 (RLIN) 100638
710 2# - ADDED ENTRY--CORPORATE NAME
Corporate name or jurisdiction name as entry element Stanford University.
9 (RLIN) 10002
942 ## - ADDED ENTRY ELEMENTS (KOHA)
Source of classification or shelving scheme Dewey Decimal Classification
Koha item type Books
Holdings
Lost status Source of classification or shelving scheme Damaged status Not for loan Collection code Permanent Location Current Location Shelving location Date acquired Source of acquisition Cost, normal purchase price Total Checkouts Full call number Date last seen Copy number Koha item type
  Dewey Decimal Classification     Non-fiction Central Library, University of Rajshahi Central Library, University of Rajshahi   25/03/1965 Sweets & Zeitlinger 50.00   338.9 ADT 1962 30/04/2014 C-4 Books
  Dewey Decimal Classification     Non-fiction Central Library, University of Rajshahi Central Library, University of Rajshahi   21/08/1990       338.9 ADT 1962 14/06/2016 C-2 Books
  Dewey Decimal Classification     Non-fiction Central Library, University of Rajshahi Central Library, University of Rajshahi   21/08/1990       338.9 ADT 1961 14/06/2016 C-3 Books
  Dewey Decimal Classification     Non-fiction Central Library, University of Rajshahi Central Library, University of Rajshahi   25/03/1965 Swets & Zeithinger 30.00   338.9 ADT 1962 16/06/2016 C-5 Books
  Dewey Decimal Classification     Non-fiction Central Library, University of Rajshahi Central Library, University of Rajshahi   25/03/1965 Swets & Zeithinger 30.00   338.9 ADT 1962 16/06/2016 C-6 Books
  Dewey Decimal Classification     Non-fiction Central Library, University of Rajshahi Central Library, University of Rajshahi Electronic Books 04/06/1964 Zuitlinger 30.00   338.9 ADT 1962 28/07/2016 C-7 Books
  Dewey Decimal Classification     Non-fiction Central Library, University of Rajshahi Central Library, University of Rajshahi   04/06/1964 zeitlinger 30.00   338.9 ADT 1962 30/07/2016 C-8 Books
  Dewey Decimal Classification     Non-fiction Central Library, University of Rajshahi Central Library, University of Rajshahi   24/03/1966 zeitlinger 32.00   338.9 ADT 1962 30/07/2016 C-9 Books
  Dewey Decimal Classification     Non-fiction Central Library, University of Rajshahi Central Library, University of Rajshahi   25/03/1965 Sweets ana Zait. 30.00   338.9 ADT 1962 01/08/2016 C-10 Books